[Event "Lezajsk Merlin Blitz 1st"]
[Site "Lezajsk"]
[Date "2021.08.10"]
[Round "4"]
[White "Kojder, Tomasz"]
[Black "Gaj, Szymon"]
[Result "0-1"]
[WhiteElo "1659"]
[BlackElo "1898"]
[PlyCount "86"]
[EventDate "2021.08.10"]
[EventType "swiss (blitz)"]
[EventRounds "9"]
[EventCountry "POL"]
[SourceTitle "CBM 203 Extra"]
[Source "ChessBase"]
[SourceDate "2021.09.30"]
[SourceVersion "1"]
[SourceVersionDate "2021.09.30"]
[SourceQuality "1"]

1. e4 c5 2. f4 d6 3. Nf3 Nc6 4. Be2 g6 5. c3 Bg7 6. 0-0 e6 7. d3 Nge7 8. Be3 0-0 9. Nbd2 Rb8 10. Qc2 b5 11. a3 a5 12. Rad1 b4 13. axb4 axb4 14. d4 bxc3 15. bxc3 cxd4 16. cxd4 Nb4 17. Qa4 Bd7 18. Qa3 Nc2 19. Qc3 Rc8 20. Qb3 Ba4 21. Qxa4 Nxe3 22. e5 Nxf1 23. Rxf1 Nd5 24. g3 dxe5 25. fxe5 Nc3 26. Qa6 Bh6 27. Ne4 Nxe4 28. Qd3 Nc3 29. g4 Nxe2+ 30. Qxe2 Qd5 31. g5 Bg7 32. h4 Rc4 33. Rb1 Rfc8 34. Rb2 Rxd4 35. Nxd4 Qxd4+ 36. Kg2 Qxe5 37. Qxe5 Bxe5 38. Re2 Bg7 39. Re4 h6 40. Kh3 hxg5 41. hxg5 Rc5 42. Kg4 Rd5 43. Ra4 Rd4+ 0-1

[Event "Lezajsk Merlin Blitz 1st"]
[Site "Lezajsk"]
[Date "2021.08.10"]
[Round "6"]
[White "Kojder, Tomasz"]
[Black "Niedorys, Karolina"]
[Result "1-0"]
[WhiteElo "1659"]
[BlackElo "1535"]
[PlyCount "63"]
[EventDate "2021.08.10"]
[EventType "swiss (blitz)"]
[EventRounds "9"]
[EventCountry "POL"]
[SourceTitle "CBM 203 Extra"]
[Source "ChessBase"]
[SourceDate "2021.09.30"]
[SourceVersion "1"]
[SourceVersionDate "2021.09.30"]
[SourceQuality "1"]

1. e4 c5 2. f4 d6 3. Nf3 g6 4. c3 Bg7 5. Be2 Nf6 6. d3 0-0 7. h3 Nc6 8. 0-0 Nh5 9. Kh2 d5 10. Na3 a6 11. e5 d4 12. g4 Nf6 13. exf6 Bxf6 14. Nc4 b5 15. Nce5 Bb7 16. Nxc6 Bxc6 17. cxd4 cxd4 18. Bd2 Re8 19. Rc1 Rc8 20. Ne5 Bxe5 21. fxe5 Bb7 22. Bf3 Qb6 23. Qe2 Bxf3 24. Qxf3 Qe6 25. Bf4 Rxc1 26. Rxc1 Qxa2 27. Rc2 Qb1 28. Rf2 Rc8 29. Bh6 f5 30. exf6 Rc1 31. f7+ Kh8 32. f8R# 1-0

[Event "Lezajsk Merlin Blitz 1st"]
[Site "Lezajsk"]
[Date "2021.08.10"]
[Round "5"]
[White "Trybus, Daniel"]
[Black "Kojder, Tomasz"]
[Result "1-0"]
[WhiteElo "1972"]
[BlackElo "1659"]
[PlyCount "79"]
[EventDate "2021.08.10"]
[EventType "swiss (blitz)"]
[EventRounds "9"]
[EventCountry "POL"]
[SourceTitle "CBM 203 Extra"]
[Source "ChessBase"]
[SourceDate "2021.09.30"]
[SourceVersion "1"]
[SourceVersionDate "2021.09.30"]
[SourceQuality "1"]

1. e4 c6 2. d4 d5 3. Nd2 dxe4 4. Nxe4 Nf6 5. Nxf6+ exf6 6. c3 Bd6 7. Bd3 0-0 8. Be3 Re8 9. Ne2 Nd7 10. Qc2 Nf8 11. c4 b6 12. 0-0-0 Bb7 13. Kb1 a5 14. h4 Qc7 15. g4 c5 16. d5 Nd7 17. Bxh7+ Kf8 18. g5 b5 19. h5 bxc4 20. h6 Ne5 21. hxg7+ Kxg7 22. gxf6+ Kxf6 23. Bg5+ Kg7 24. Rdg1 f6 25. Bxf6+ Kxf6 26. Qf5+ Ke7 27. Rg7+ Kd8 28. Rxc7 Kxc7 29. Nf4 Kb6 30. Rh6 Rad8 31. Ne6 Rd7 32. f4 Nf3 33. Bg6 Ree7 34. Bh5 Nd2+ 35. Kc2 Nf1 36. Qe4 Kb5 37. a4+ Kb6 38. Kc1 Ng3 39. Qxc4 Ba6 40. Qb3+ 1-0

[Event "Katowice POL-HUN 5th"]
[Site "Katowice"]
[Date "2017.05.20"]
[Round "2"]
[White "Kojder, Tomasz"]
[Black "Barski, Radoslaw"]
[Result "0-1"]
[WhiteElo "1725"]
[BlackElo "2412"]
[PlyCount "34"]
[EventDate "2017.05.20"]
[EventType "swiss (rapid)"]
[EventRounds "9"]
[EventCountry "POL"]
[SourceTitle "CBM 178 Extra"]
[Source "ChessBase"]
[SourceDate "2017.06.22"]
[SourceVersion "1"]
[SourceVersionDate "2017.06.22"]
[SourceQuality "1"]

1. e4 c5 2. f4 e6 3. Nf3 Nc6 4. Be2 d5 5. e5 Nh6 6. c3 Bd7 7. d4 cxd4 8. cxd4 Qb6 9. 0-0 Nf5 10. Nc3 Ncxd4 11. Nxd4 Qxd4+ 12. Kh1 h5 13. Bb5 Qxd1 14. Bxd7+ Kxd7 15. Rxd1 h4 16. Bd2 Bc5 17. Rac1 Ng3+ 0-1